000 00429nam a2200181Ia 4500
001 13806
005 20260306164828.0
008 260306t2011||||xx |||||||||||||| ||spa||
041 _aESP
082 _a005.3
_bF317
100 _aFarber, Rob
_eAUT
245 0 _aCUDA application design and development
260 _c2011
300 _axv11, 315 páginas :
_c
650 _aGEN
654 _aCCC
942 _cLIB
_dJUS
_fJUS
_2ddc
_n
999 _c13806
_d13806